DRUGS AND EQUIPMENT IN ANESTHESIA PRACTICE (Record no. 13682)

MARC details
000 -LEADER
fixed length control field 00328nam a22001457a 4500
003 - CONTROL NUMBER IDENTIFIER
control field SGT
082 ## - DEWEY DECIMAL CLASSIFICATION NUMBER
Classification number 617.96
Item number D16P
100 ## - MAIN ENTRY--PERSONAL NAME
Personal name PAUL, ARUN KUMAR
245 ## - TITLE STATEMENT
Title DRUGS AND EQUIPMENT IN ANESTHESIA PRACTICE
260 ## - PUBLICATION, DISTRIBUTION, ETC. (IMPRINT)
Place of publication, distribution, etc INDIA
Name of publisher, distributor, etc ELSEVIER
Year of Publication 2016
300 ## - PAGE DESCRIPTION
No. of Pages 2016
490 ## - SERIES STATEMENT
Series statement 437
650 ## - SUBJECT ADDED ENTRY--TOPICAL TERM
Topical term or geographic name as entry element ANESTHESIA
942 ## - ADDED ENTRY ELEMENTS (KOHA)
Source of classification or shelving scheme Dewey Decimal Classification
Koha item type Books
Holdings
Withdrawn status Lost status Source of classification or shelving scheme Damaged status Not for loan Collection code Home library Current library Shelving location Date acquired Vendor Name Cost, normal purchase price SGTU Bill Number Total Checkouts Full call number Accession No. (Barcode) Date last seen Bill Date Koha item type Date last borrowed
    Dewey Decimal Classification     MEDICAL SGT Medical Library SGT Medical Library Text Book 06/10/2017 ABC 825.00 SGTU 8371   617.96 D16P FM8774 06/10/2017 26/06/2017 Books  
    Dewey Decimal Classification     MEDICAL SGT Medical Library SGT Medical Library Text Book 06/10/2017 ABC 825.00 SGTU 8371 2 617.96 D16P FM8775 16/07/2021 26/06/2017 Books 12/07/2021